[Event "GER-ch 93rd"]
[Site "Magdeburg"]
[Date "2022.08.16"]
[Round "4"]
[White "Kunin, Vitaly L"]
[Black "Miller, Eduard"]
[Result "1-0"]
[WhiteElo "2521"]
[BlackElo "2353"]
[EventDate "2022.08.14"]
[PlyCount "69"]

1. d4 Nf6 2. c4 g6 3. Nc3 Bg7 4. e4 d6 5. Be2 O-O 6. Be3 e5 7. d5 Na6 8. g4 Nc5 9. f3 a5 10. h4 h5 11. g5 Nfd7 12. Nh3 Na6 13. a3 Ndc5 14. Nf2 Bd7 15. b3 a4 16. b4 Nb3 17. Ra2 f6 18. Nd3 fxg5 19. hxg5 Rf4 20. Bxf4 exf4 21. e5 dxe5 22. Ne4 Bf5 23. Ndf2 Nd4 24. Kf1 Nb8 25. Bd3 b6 26. Rg1 Nd7 27. Nc3 Bf8 28. Nfe4 Be7 29. Rf2 Nf8 30. Ne2 Bh3+ 31. Ke1 Nf5 32. Qa1 Nd4 33. Nxd4 exd4 34. Qxd4 Nh7 35. Nf6+ 1-0

[Event "GER-ch 93rd"]
[Site "Magdeburg"]
[Date "2022.08.16"]
[Round "4"]
[White "Langheinrich, Ferenc"]
[Black "Krassowizkij, Jaroslaw"]
[Result "1/2-1/2"]
[WhiteElo "2357"]
[BlackElo "2429"]
[EventDate "2022.08.14"]
[PlyCount "94"]

1. e4 e5 2. Nf3 Nc6 3. g3 Nf6 4. d3 Bc5 5. Bg2 d5 6. exd5 Nxd5 7. O-O O-O 8. Nbd2 Re8 9. Nb3 Bf8 10. Nfd2 a5 11. a4 Ndb4 12. Ne4 Nd4 13. Nxd4 exd4 14. Nd2 c6 15. Nc4 Be6 16. h4 Bd5 17. Bxd5 Nxd5 18. Bd2 Bb4 19. Bxb4 Nxb4 20. Qd2 Qc7 21. Rfe1 h6 22. h5 Kf8 23. Rxe8+ Rxe8 24. Re1 Rxe1+ 25. Qxe1 Nxc2 26. Qxa5 Qxa5 27. Nxa5 b5 28. Nxc6 bxa4 29. Kf1 Ke8 30. Ke2 Kd7 31. Ne5+ Ke6 32. Nc6 Kd5 33. Na5 a3 34. bxa3 Nxa3 35. Nb3 Nc2 36. Kd2 Nb4 37. Ke2 Nc6 38. Nd2 Ne5 39. f4 Ng4 40. Nf3 Nf6 41. Ne5 Nxh5 42. Kf3 f5 43. g4 fxg4+ 44. Kxg4 Nf6+ 45. Kf5 Nh5 46. Kg4 Nf6+ 47. Kf5 Nh5 1/2-1/2

[Event "GER-ch 93rd"]
[Site "Magdeburg"]
[Date "2022.08.16"]
[Round "4"]
[White "Malek, Daniel"]
[Black "Pahl, Erik"]
[Result "1/2-1/2"]
[WhiteElo "2365"]
[BlackElo "2203"]
[EventDate "2022.08.14"]
[PlyCount "151"]

1. e4 e5 2. Nf3 Nc6 3. Bb5 Nf6 4. d3 Bc5 5. c3 d6 6. O-O O-O 7. Bg5 Bb6 8. a4 a5 9. Nbd2 Ne7 10. d4 Ng6 11. h3 c6 12. Bd3 h6 13. Be3 Nh5 14. Re1 Nhf4 15. Bf1 exd4 16. Bxd4 Bc7 17. Nc4 Ne6 18. Be3 f5 19. exf5 Rxf5 20. g3 d5 21. Ncd2 Rf6 22. Nb3 Qf8 23. Bg2 Ne7 24. Nfd4 Ng5 25. Bxg5 hxg5 26. Qd2 g4 27. h4 Ng6 28. Re2 Bd7 29. Rae1 Qd6 30. Qg5 Raf8 31. Nc1 Bd8 32. Qd2 Rf3 33. Re6 Bxe6 34. Rxe6 Qd7 35. Bxf3 gxf3 36. Rxg6 Qh3 37. Nxf3 Rxf3 38. Nb3 Qf5 39. Nd4 Qb1+ 40. Kg2 Rxf2+ 41. Qxf2 Qxg6 42. Qf5 Qxf5 43. Nxf5 b5 44. axb5 cxb5 45. Nd4 b4 46. cxb4 Bf6 47. Nc6 axb4 48. Nxb4 Bxb2 49. Nxd5 Kf7 50. Kf3 Be5 51. g4 Ke6 52. Ke4 Bb2 53. Nf4+ Kf7 54. Kf5 Bc3 55. Ng6 Bd4 56. Ne5+ Kg8 57. Nf3 Bb2 58. Kg6 Bc3 59. Ng5 Bb2 60. Ne4 Bd4 61. Nd6 Bc3 62. Kf5 Be1 63. h5 Bb4 64. Ke6 Bxd6 65. Kxd6 g6 66. h6 g5 67. Ke7 Kh7 68. Kf6 Kxh6 69. Kf5 Kh7 70. Kxg5 Kg7 71. Kf5 Kf7 72. g5 Kg7 73. g6 Kg8 74. Kf6 Kf8 75. g7+ Kg8 76. Kg6 1/2-1/2

[Event "GER-ch 93rd"]
[Site "Magdeburg"]
[Date "2022.08.16"]
[Round "4"]
[White "Pajeken, Jakob Leon"]
[Black "Eichstaedt, Mirko"]
[Result "1-0"]
[WhiteElo "2457"]
[BlackElo "2223"]
[EventDate "2022.08.14"]
[PlyCount "71"]

1. e4 e5 2. Nf3 Nc6 3. Bb5 a6 4. Ba4 Nf6 5. Nc3 Bb4 6. O-O O-O 7. d3 d6 8. Ne2 b5 9. Bb3 Bg4 10. c3 Ba5 11. Ng3 b4 12. Bg5 h6 13. Bxf6 Qxf6 14. Bd5 Ne7 15. Bxa8 Rxa8 16. Qa4 Bb6 17. Nd2 h5 18. Nc4 h4 19. Nxb6 cxb6 20. h3 Be6 21. Nf5 Nxf5 22. exf5 Bxf5 23. Qxb4 d5 24. Rad1 Re8 25. Rfe1 Qg5 26. f4 Qg3 27. Qxb6 Qxf4 28. Qc6 Rd8 29. Qc7 Re8 30. Re2 f6 31. Qd6 Bxh3 32. gxh3 Qg3+ 33. Rg2 Qe3+ 34. Kh2 Qf4+ 35. Kh1 Qf3 36. Qd7 1-0

[Event "GER-ch 93rd"]
[Site "Magdeburg"]
[Date "2022.08.16"]
[Round "4"]
[White "Parvanyan, Alfred"]
[Black "Wachinger, Nikolas"]
[Result "0-1"]
[WhiteElo "2151"]
[BlackElo "2442"]
[EventDate "2022.08.14"]
[PlyCount "106"]

1. Nf3 d5 2. g3 c5 3. Bg2 Nf6 4. O-O e6 5. d3 Nc6 6. Nbd2 Be7 7. Re1 O-O 8. e4 Qc7 9. h3 b5 10. Nh2 Bb7 11. exd5 exd5 12. Ndf1 d4 13. Bf4 Qd7 14. Ng4 Nd5 15. Bd2 f5 16. Qf3 Rad8 17. Ne5 Nxe5 18. Rxe5 Bf6 19. Ree1 c4 20. dxc4 bxc4 21. Ba5 Rb8 22. Qe2 Qb5 23. Qe6+ Kh8 24. b4 d3 25. a4 Qc6 26. Qxc6 Bxc6 27. Rac1 Bb2 28. Rb1 c3 29. cxd3 Nxb4 30. Bxb4 Rxb4 31. Bxc6 c2 32. Rbc1 Bxc1 33. Rxc1 Rc8 34. Rxc2 Rb6 35. Rc5 g6 36. Ra5 Rcxc6 37. Rxa7 Ra6 38. Rb7 Rcb6 39. Rc7 Rxa4 40. Nd2 Rb2 41. Nc4 Rc2 42. g4 Ra1+ 43. Kg2 Raa2 44. gxf5 Rxf2+ 45. Kg3 Rg2+ 46. Kh4 Raf2 47. Ne5 Rf4+ 48. Ng4 Rxf5 49. Rc8+ Kg7 50. Rc7+ Rf7 51. Rc4 h5 52. Ne5 Rf5 53. Re4 Kh6 0-1

[Event "GER-ch 93rd"]
[Site "Magdeburg"]
[Date "2022.08.16"]
[Round "4"]
[White "Poetsch, Hagen"]
[Black "Richter, Nils"]
[Result "1-0"]
[WhiteElo "2500"]
[BlackElo "2328"]
[EventDate "2022.08.14"]
[PlyCount "45"]

1. e4 c6 2. d4 d5 3. e5 c5 4. c3 Nc6 5. Be2 Bf5 6. Nf3 e6 7. O-O Bg6 8. a3 cxd4 9. cxd4 Nge7 10. Nc3 Nf5 11. h3 h5 12. Bd3 h4 13. Bg5 Be7 14. Bxe7 Qxe7 15. Qd2 O-O-O 16. Bb5 Na5 17. Ne2 Nc4 18. Rac1 Kb8 19. Bxc4 dxc4 20. Nf4 Nxd4 21. Nxd4 Bd3 22. Nxd3 Rxd4 23. Qb4 1-0

[Event "GER-ch 93rd"]
[Site "Magdeburg"]
[Date "2022.08.16"]
[Round "4"]
[White "Stricker, Florian"]
[Black "Hourigan, Gerrit"]
[Result "1/2-1/2"]
[WhiteElo "2182"]
[BlackElo "2306"]
[EventDate "2022.08.14"]
[PlyCount "107"]

1. e4 c5 2. Nc3 a6 3. Nge2 Nf6 4. g3 d5 5. exd5 Nxd5 6. Bg2 Nxc3 7. bxc3 e6 8. O-O Be7 9. d4 Nc6 10. Be3 cxd4 11. cxd4 O-O 12. c3 Na5 13. Qd3 Bd7 14. Be4 h6 15. Rfe1 Rc8 16. Rab1 b5 17. Nf4 Qc7 18. a4 Rfd8 19. Rec1 Nc4 20. axb5 Bxb5 21. Rxb5 axb5 22. Rb1 Nxe3 23. Qxe3 Qxc3 24. Qxc3 Rxc3 25. d5 e5 26. Nd3 b4 27. Nxe5 Bd6 28. Nc6 Re8 29. f3 Ra8 30. Kg2 Ra2+ 31. Kh3 Ra4 32. Nd4 Ra5 33. Nf5 Ra6 34. Nxd6 Rxd6 35. Rxb4 g6 36. Rb8+ Kg7 37. Rb7 Kf8 38. g4 Ra3 39. Kg3 Kg7 40. h4 Kf6 41. g5+ hxg5 42. hxg5+ Kxg5 43. Rxf7 Rb6 44. Rc7 Rb4 45. Re7 Ra6 46. Re5+ Kf6 47. Kf4 Rb7 48. Re8 Rh7 49. Rf8+ Kg7 50. Rc8 Kf6 51. Rg8 Rh6 52. Kg4 Ke5 53. Re8+ Kf6 54. Rf8+ 1/2-1/2

[Event "GER-ch 93rd"]
[Site "Magdeburg"]
[Date "2022.08.16"]
[Round "4"]
[White "Tschernatsch, Johannes"]
[Black "Burian, Simon"]
[Result "1/2-1/2"]
[WhiteElo "2314"]
[BlackElo "2211"]
[EventDate "2022.08.14"]
[PlyCount "123"]

1. e4 c5 2. Nf3 d6 3. Bb5+ Bd7 4. Bxd7+ Qxd7 5. c4 e5 6. Nc3 Nc6 7. d3 g6 8. a3 Bg7 9. b4 Nge7 10. Rb1 O-O 11. O-O Nd4 12. Bg5 f6 13. Be3 h6 14. bxc5 dxc5 15. Bxd4 cxd4 16. Na4 b6 17. Qb3 Qe6 18. c5 Qxb3 19. Rxb3 bxc5 20. Nd2 Rab8 21. Rfb1 Nc6 22. Nxc5 Rxb3 23. Rxb3 Rb8 24. Rxb8+ Nxb8 25. Ncb3 Bf8 26. Nc4 Kf7 27. Kf1 Ke6 28. Ke2 Na6 29. Kd2 h5 30. Kc2 g5 31. h3 Kd7 32. Nbd2 Nc5 33. Nf1 Ne6 34. g3 Kc6 35. h4 g4 36. Nh2 Nc5 37. f3 gxf3 38. Nxf3 Kb5 39. Nb2 Na4 40. Nh2 Nxb2 41. Kxb2 Ka4 42. g4 Bxa3+ 43. Kc2 hxg4 44. Nxg4 Be7 45. h5 Kb4 46. Nh6 a5 47. Ng8 Bf8 48. Nxf6 a4 49. Nd5+ Kb5 50. Nc7+ Kb4 51. Nd5+ Kb5 52. Kb2 Bg7 53. Ka2 Ka5 54. Ka3 Bf8+ 55. Kb2 Bg7 56. Kc2 Kb5 57. Ne7 Kb4 58. Nd5+ Kb5 59. Kb2 Ka5 60. Ne7 Kb4 61. Nc6+ Kb5 62. Ne7 1/2-1/2

[Event "GER-ch 93rd"]
[Site "Magdeburg"]
[Date "2022.08.16"]
[Round "4"]
[White "Yi, Danny"]
[Black "Colbow, Collin"]
[Result "1/2-1/2"]
[WhiteElo "2273"]
[BlackElo "2323"]
[EventDate "2022.08.14"]
[PlyCount "65"]

1. e4 c5 2. Ne2 Nc6 3. Nbc3 e6 4. d4 cxd4 5. Nxd4 Nf6 6. Ndb5 Bb4 7. a3 Bxc3+ 8. Nxc3 d5 9. exd5 exd5 10. Bd3 O-O 11. h3 Re8+ 12. Ne2 Ne5 13. O-O Qb6 14. Be3 Qd6 15. Ng3 Bd7 16. Re1 Qc6 17. Bd4 Nxd3 18. Qxd3 Ne4 19. Rad1 f6 20. Re3 a6 21. Bc3 Nxc3 22. Qxc3 Rxe3 23. Qxe3 Qxc2 24. Rxd5 Bc6 25. Rd2 Qc1+ 26. Kh2 Re8 27. Qd4 Qe1 28. f4 Qe3 29. Qd6 Qe7 30. Qd4 Qe3 31. Qd6 Qe7 32. Qd4 Qe3 33. Qd6 1/2-1/2

[Event "GER-ch 93rd"]
[Site "Magdeburg"]
[Date "2022.08.17"]
[Round "5"]
[White "Cofman, Veaceslav"]
[Black "Feidt, Jonas"]
[Result "1-0"]
[WhiteElo "2287"]
[BlackElo "1901"]
[EventDate "2022.08.14"]
[PlyCount "115"]

1. d4 Nf6 2. c4 e6 3. Bf4 d5 4. Nc3 c6 5. e3 Nbd7 6. cxd5 exd5 7. Bd3 Be7 8. h3 O-O 9. Qc2 Re8 10. Nf3 Nf8 11. Ne5 Bd6 12. Bh2 Qe7 13. O-O N6d7 14. f4 f6 15. Nf3 Qxe3+ 16. Kh1 Qe7 17. Rae1 Qf7 18. Rxe8 Qxe8 19. Re1 Qf7 20. g4 Nb6 21. f5 Bxh2 22. Qxh2 Bd7 23. Qc7 Be6 24. Qd6 Bd7 25. a4 Re8 26. a5 Rxe1+ 27. Nxe1 Nc4 28. Bxc4 dxc4 29. Ng2 b5 30. a6 Be8 31. Qc5 Qd7 32. Nf4 Bf7 33. d5 Bxd5+ 34. Nfxd5 cxd5 35. Nxb5 g6 36. Nxa7 d4 37. Qxc4+ Kg7 38. Nb5 d3 39. Nc3 d2 40. Qe2 Qd4 41. Nd1 Nd7 42. Qe7+ Kg8 43. Qe3 Qd5+ 44. Kg1 Ne5 45. a7 Kg7 46. b3 Nf3+ 47. Kf2 Ne5 48. Ke2 gxf5 49. gxf5 h5 50. Nf2 Kh7 51. Qxd2 Qf3+ 52. Kf1 Kg7 53. Qe2 Qc6 54. Ne4 Qc1+ 55. Kg2 Qc6 56. Kh2 Qd5 57. Qg2+ Kf8 58. Nd2 1-0

[Event "GER-ch 93rd"]
[Site "Magdeburg"]
[Date "2022.08.17"]
[Round "5"]
[White "Colbow, Collin"]
[Black "Dobrikov, Marco"]
[Result "1/2-1/2"]
[WhiteElo "2323"]
[BlackElo "2223"]
[EventDate "2022.08.14"]
[PlyCount "94"]

1. e4 c5 2. Nf3 d6 3. d4 cxd4 4. Nxd4 Nf6 5. Nc3 a6 6. g3 e5 7. Nde2 Be6 8. Bg2 Be7 9. O-O O-O 10. a4 Nbd7 11. h3 Rc8 12. b3 Qc7 13. f4 Nb8 14. Be3 Nc6 15. f5 Bd7 16. g4 Nd4 17. g5 Nxe2+ 18. Nxe2 Ne8 19. c4 d5 20. cxd5 Bc5 21. Qd3 Qb6 22. Bxc5 Rxc5 23. Kh1 f6 24. h4 Nd6 25. Rg1 Kh8 26. gxf6 gxf6 27. Qe3 Qb4 28. Bf3 Rc2 29. Rg4 Qd2 30. Qxd2 Rxd2 31. Rc1 Rd3 32. Rc3 Rxc3 33. Nxc3 Rc8 34. Nd1 Rc1 35. Rg1 Rb1 36. Ne3 Rxb3 37. Ng4 Rxf3 38. Nxf6 Rh3+ 39. Kg2 Bxf5 40. exf5 Rc3 41. Kf2 Rc8 42. Nd7 Nxf5 43. Nxe5 Rf8 44. Nd7 Rf7 45. Ne5 Rf8 46. Nd7 Rd8 47. Ne5 Rf8 1/2-1/2

[Event "GER-ch 93rd"]
[Site "Magdeburg"]
[Date "2022.08.17"]
[Round "5"]
[White "Colpe, Malte"]
[Black "Keller, Peter1"]
[Result "1-0"]
[WhiteElo "2363"]
[BlackElo "2377"]
[EventDate "2022.08.14"]
[PlyCount "75"]

1. d4 Nf6 2. c4 e6 3. Nf3 d5 4. Nc3 c6 5. e3 Nbd7 6. Be2 Bd6 7. O-O O-O 8. b3 b6 9. Bb2 Bb7 10. Qc2 Qe7 11. Rad1 Rad8 12. Rfe1 Rfe8 13. Bf1 Ba3 14. Bxa3 Qxa3 15. cxd5 exd5 16. Rb1 a5 17. Na4 Qd6 18. Rbc1 Rc8 19. Red1 Qb8 20. g3 Rc7 21. a3 Qa7 22. Nc3 Ba6 23. Bh3 c5 24. Qf5 c4 25. b4 Qa8 26. Bg2 Bc8 27. Qf4 Rc6 28. Ne5 Rce6 29. Nxd5 Nxd5 30. Qxf7+ Kh8 31. Nxd7 Bb7 32. Ne5 Rf6 33. Qd7 Re7 34. Qh3 Rh6 35. Qf5 Rf6 36. Qc2 axb4 37. axb4 c3 38. Qb3 1-0

[Event "GER-ch 93rd"]
[Site "Magdeburg"]
[Date "2022.08.17"]
[Round "5"]
[White "Dahl, Christoph"]
[Black "Kunin, Vitaly L"]
[Result "1-0"]
[WhiteElo "2348"]
[BlackElo "2521"]
[EventDate "2022.08.14"]
[PlyCount "135"]

1. e4 c5 2. Nf3 g6 3. d4 cxd4 4. Nxd4 Nc6 5. c4 Bg7 6. Be3 d6 7. Nc3 Nh6 8. f3 f5 9. Qd2 Nf7 10. exf5 gxf5 11. c5 f4 12. Bf2 d5 13. Bb5 Bd7 14. O-O O-O 15. Nde2 e6 16. Qxf4 Nd6 17. Qxd6 Be5 18. Bxc6 Bxd6 19. Bxd7 Qxd7 20. cxd6 Qxd6 21. f4 h6 22. Bd4 Kh7 23. Rac1 Rac8 24. a4 a6 25. Rf3 b5 26. axb5 axb5 27. Ra1 Ra8 28. Rxa8 Rxa8 29. Nxb5 Qb4 30. Nbc3 Qxb2 31. Kf2 Qc2 32. Re3 Qg6 33. Rg3 Qf7 34. Rg7+ Qxg7 35. Bxg7 Kxg7 36. f5 exf5 37. Nxd5 Kg6 38. Nd4 Kg5 39. Kf3 Ra6 40. Ne3 f4 41. Nd5 Ra3+ 42. Ke4 Ra4 43. Ke5 Ra5 44. Ne6+ Kg6 45. Nexf4+ Kg5 46. Ke4 Ra4+ 47. Kf3 Ra3+ 48. Ne3 Ra2 49. Ne2 Ra8 50. g3 Ra4 51. Nf4 Ra3 52. Ke4 Ra4+ 53. Ke5 Ra5+ 54. Nfd5 Ra4 55. Nf6 Ra5+ 56. Ned5 Ra4 57. h4+ Rxh4 58. gxh4+ Kxh4 59. Kf4 Kh3 60. Ne3 Kh4 61. Ng2+ Kh3 62. Kf3 h5 63. Kf2 Kh2 64. Nh4 Kh3 65. Nf3 h4 66. Ng5+ Kh2 67. Ng4+ Kh1 68. Ne4 1-0

[Event "GER-ch 93rd"]
[Site "Magdeburg"]
[Date "2022.08.17"]
[Round "5"]
[White "Feuerstack, Aljoscha"]
[Black "Arnold, Max"]
[Result "1-0"]
[WhiteElo "2477"]
[BlackElo "2350"]
[EventDate "2022.08.14"]
[PlyCount "103"]

1. d4 Nf6 2. c4 e6 3. g3 Bb4+ 4. Nd2 c5 5. a3 Bxd2+ 6. Qxd2 cxd4 7. Nf3 d5 8. Bg2 dxc4 9. Qxd4 Qxd4 10. Nxd4 O-O 11. Be3 Nd5 12. Rc1 Nxe3 13. fxe3 Nd7 14. Rxc4 Nf6 15. O-O Rb8 16. Rfc1 e5 17. Nf3 Be6 18. Ra4 Ng4 19. Rxa7 Rfc8 20. Re1 Nxe3 21. Nxe5 Nxg2 22. Kxg2 Rc2 23. b4 f6 24. Nf3 Bc4 25. Kf2 Ra2 26. Ng1 Ba6 27. Rb1 Bb5 28. Ra5 Bc4 29. Rc1 b5 30. Rc3 Re8 31. Re3 Rxe3 32. Kxe3 Kf7 33. h4 h5 34. Kd4 Rd2+ 35. Kc3 Rd1 36. Nh3 Bxe2 37. Nf4 Bf1 38. Ra7+ Kf8 39. Ne6+ Kg8 40. Rxg7+ Kh8 41. Rg6 Rd3+ 42. Kb2 Rf3 43. Nf4 Kh7 44. Rxf6 Rxg3 45. Rf5 Rf3 46. Rxh5+ Kg8 47. Rg5+ Kh7 48. Rh5+ Kg8 49. Nd5 Rf2+ 50. Kc1 Rf3 51. Rf5 Rxa3 52. Kb2 1-0

[Event "GER-ch 93rd"]
[Site "Magdeburg"]
[Date "2022.08.17"]
[Round "5"]
[White "Florstedt, Johannes"]
[Black "Costa, Leonardo"]
[Result "0-1"]
[WhiteElo "2359"]
[BlackElo "2326"]
[EventDate "2022.08.14"]
[PlyCount "114"]

1. e4 c6 2. d4 d5 3. e5 Bf5 4. h4 h5 5. Bd3 Bxd3 6. Qxd3 e6 7. Bg5 Be7 8. Nf3 Nh6 9. c4 dxc4 10. Qxc4 Nd7 11. Nc3 Nb6 12. Qb3 Nf5 13. Rd1 Qd7 14. Bxe7 Qxe7 15. g3 O-O-O 16. O-O Kb8 17. Ne4 Rd5 18. Rd3 Rhd8 19. Rfd1 Rb5 20. Qc2 Qb4 21. b3 Rbd5 22. Qc1 Qe7 23. a3 a6 24. b4 Nc8 25. Nc5 Na7 26. a4 Ka8 27. Qc4 Kb8 28. Ng5 Rg8 29. Kf1 Qc7 30. R3d2 Nc8 31. Qe2 Rh8 32. Qc4 Nb6 33. Qc2 Rhd8 34. Qc3 Qe7 35. Nh3 Rh8 36. Rb1 Rhd8 37. Rbd1 Rh8 38. b5 axb5 39. axb5 Nxd4 40. Rxd4 Qxc5 41. Qxc5 Rxc5 42. bxc6 Rxc6 43. Ng5 f6 44. exf6 gxf6 45. Nf7 Re8 46. Rd8+ Rc8 47. Rxe8 Rxe8 48. Rd8+ Rxd8 49. Nxd8 e5 50. Ne6 Kc8 51. g4 hxg4 52. h5 Nc4 53. Kg2 Nd6 54. Kg3 Kd7 55. Nc5+ Kc6 56. Nxb7 Nf5+ 57. Kxg4 Nh6+ 0-1

[Event "GER-ch 93rd"]
[Site "Magdeburg"]
[Date "2022.08.17"]
[Round "5"]
[White "Gungl, Theo"]
[Black "Malek, Daniel"]
[Result "1-0"]
[WhiteElo "2366"]
[BlackElo "2365"]
[EventDate "2022.08.14"]
[PlyCount "77"]

1. d4 Nf6 2. c4 e6 3. Nc3 Bb4 4. e3 O-O 5. Bd2 d5 6. Nf3 b6 7. cxd5 exd5 8. Bd3 Bd6 9. Rc1 c5 10. O-O Bb7 11. Nb5 Be7 12. Ne5 Nc6 13. Nxc6 Bxc6 14. dxc5 bxc5 15. Nd4 Bd7 16. Nf5 Bxf5 17. Bxf5 Qb6 18. Bc3 Rfd8 19. Qa4 a5 20. Rfd1 g6 21. Bh3 Ra7 22. g3 Ne4 23. Bg2 f5 24. Rc2 Kf7 25. Bxe4 fxe4 26. Rcd2 Qb7 27. Rxd5 Qxd5 28. Rxd5 Rxd5 29. Qxe4 Rdd7 30. Qe5 Bf8 31. Qf6+ Ke8 32. Qe6+ Be7 33. a4 Rd6 34. Qc8+ Rd8 35. Qc6+ Kf7 36. Qb6 Rdd7 37. Qb3+ Kf8 38. Qb8+ Kf7 39. Qh8 1-0

[Event "GER-ch 93rd"]
[Site "Magdeburg"]
[Date "2022.08.17"]
[Round "5"]
[White "Hourigan, Gerrit"]
[Black "Farokhi, Keyvan"]
[Result "1-0"]
[WhiteElo "2306"]
[BlackElo "2313"]
[EventDate "2022.08.14"]
[PlyCount "78"]

1. Nf3 Nf6 2. c4 e6 3. g3 d5 4. Bg2 Be7 5. d4 O-O 6. O-O dxc4 7. Qc2 b5 8. a4 Bb7 9. axb5 a6 10. bxa6 Nxa6 11. Qxc4 Bd5 12. Qc3 c5 13. Bf4 Qb6 14. dxc5 Bxc5 15. Nbd2 Rfc8 16. Qd3 Nb4 17. Rxa8 Bxa8 18. Qb3 Bd5 19. Qd1 Ng4 20. e3 Nd3 21. Ne1 Nxf4 22. gxf4 Bxe3 23. Qxg4 Bxg2 24. fxe3 Bxf1 25. Nxf1 Qxb2 26. Nd3 Qb3 27. Ne5 f6 28. Nf3 Rc1 29. Kg2 Qd5 30. N1d2 Kf7 31. Kg3 Ra1 32. Kf2 e5 33. fxe5 Ra3 34. e4 Ra8 35. Nd4 fxe5 36. N2f3 Rh8 37. Nf5 Rg8 38. Ng5+ Ke8 39. Nf7 Kf8 1-0

[Event "GER-ch 93rd"]
[Site "Magdeburg"]
[Date "2022.08.17"]
[Round "5"]
[White "Krassowizkij, Jaroslaw"]
[Black "Poetsch, Hagen"]
[Result "1/2-1/2"]
[WhiteElo "2429"]
[BlackElo "2500"]
[EventDate "2022.08.14"]
[PlyCount "80"]

1. d4 Nf6 2. c4 e6 3. Nf3 d5 4. g3 dxc4 5. Qa4+ Nbd7 6. Bg2 a6 7. Qxc4 b5 8. Qc6 Ra7 9. Be3 Bb4+ 10. Bd2 Bd6 11. O-O O-O 12. Rd1 Bb7 13. Qc1 Qa8 14. Bf4 Rc8 15. a3 Be7 16. b4 a5 17. Nc3 c6 18. Qb2 Nd5 19. Nxd5 cxd5 20. Bd2 Nb6 21. bxa5 Nc4 22. Qxb5 Bc6 23. Qb3 Nxa5 24. Bxa5 Rxa5 25. Rdc1 Rxa3 26. Rxa3 Qxa3 27. Qxa3 Bxa3 28. Rc2 f6 29. Bh3 Bd7 30. Rxc8+ Bxc8 31. Ne1 Kf7 32. f4 Ba6 33. e3 Bb2 34. Kf2 e5 35. fxe5 fxe5 36. dxe5 Bxe5 37. Bf1 Bxf1 38. Kxf1 Ke6 39. Kf2 Kf5 40. Kf3 h5 1/2-1/2

[Event "GER-ch 93rd"]
[Site "Magdeburg"]
[Date "2022.08.17"]
[Round "5"]
[White "Miller, Eduard"]
[Black "Yi, Danny"]
[Result "1/2-1/2"]
[WhiteElo "2353"]
[BlackElo "2273"]
[EventDate "2022.08.14"]
[PlyCount "90"]

1. e4 e5 2. f4 Bc5 3. Nf3 d6 4. c3 Bg4 5. h3 Bxf3 6. Qxf3 Nd7 7. Bc4 Qe7 8. d3 Ngf6 9. f5 O-O-O 10. Bg5 h6 11. Bh4 g5 12. fxg6 fxg6 13. Nd2 Rhf8 14. Qe2 g5 15. Bg3 Qe8 16. Rf1 Qg6 17. Be6 Kb8 18. Bf5 Qg8 19. b4 Bb6 20. Nc4 Rde8 21. Nxb6 Nxb6 22. c4 Qf7 23. Bf2 d5 24. Bc5 dxc4 25. Bxf8 Qxf8 26. a3 cxd3 27. Qxd3 Rd8 28. Qe2 c5 29. Rd1 Rxd1+ 30. Qxd1 cxb4 31. axb4 Qxb4+ 32. Qd2 Qe7 33. Rf3 Nc4 34. Rc3 b5 35. Qd3 Kc7 36. Kf1 a6 37. Rxc4+ bxc4 38. Qxc4+ Kb6 39. Bc8 Qd6 40. Qxa6+ Kc7 41. Qb7+ Kd8 42. Bf5 Qd1+ 43. Kf2 Qd2+ 44. Kg1 Qc1+ 45. Kh2 Qf4+ 1/2-1/2

[Event "GER-ch 93rd"]
[Site "Magdeburg"]
[Date "2022.08.17"]
[Round "5"]
[White "Pahl, Erik"]
[Black "Parvanyan, Alfred"]
[Result "0-1"]
[WhiteElo "2203"]
[BlackElo "2151"]
[EventDate "2022.08.14"]
[PlyCount "78"]

1. e4 c5 2. Nf3 Nc6 3. d4 cxd4 4. Nxd4 Nf6 5. Nc3 e5 6. Ndb5 d6 7. Bg5 a6 8. Na3 b5 9. Nd5 Be7 10. Bxf6 Bxf6 11. c3 Bg5 12. Nc2 Rb8 13. a4 bxa4 14. Ncb4 Nxb4 15. cxb4 Bd7 16. Bxa6 O-O 17. O-O Bc6 18. Rxa4 Bxa4 19. Qxa4 Kh8 20. b5 f5 21. exf5 Rxf5 22. b6 Bh4 23. b7 e4 24. Qxe4 Re5 25. Qc4 Qa5 26. Nb4 Bxf2+ 27. Kxf2 Qb6+ 28. Kg3 Qe3+ 29. Rf3 Qe1+ 30. Kg4 Re4+ 31. Rf4 Rxc4 32. Rxc4 Qe6+ 33. Kg3 Rxb7 34. b3 Qe3+ 35. Kg4 Qe2+ 36. Kg3 Qe3+ 37. Kg4 Qe6+ 38. Kg3 Rb8 39. Kh4 Rxb4 0-1

[Event "GER-ch 93rd"]
[Site "Magdeburg"]
[Date "2022.08.17"]
[Round "5"]
[White "Richter, Nils"]
[Black "Pajeken, Jakob Leon"]
[Result "1-0"]
[WhiteElo "2328"]
[BlackElo "2457"]
[EventDate "2022.08.14"]
[PlyCount "125"]

1. Nf3 d5 2. e3 Nf6 3. c4 e6 4. Nc3 Nbd7 5. b3 b6 6. g3 Bb7 7. cxd5 exd5 8. Bg2 Bd6 9. O-O a6 10. Bb2 Qe7 11. Rc1 O-O 12. Re1 Rac8 13. d3 c5 14. d4 c4 15. bxc4 dxc4 16. e4 Bb4 17. Nh4 g6 18. e5 Bxc3 19. Bxb7 Bxb2 20. Bxc8 Rxc8 21. exf6 Qxf6 22. Rc2 c3 23. Ng2 b5 24. Rce2 Rc4 25. Ne3 Rxd4 26. Nd5 Qe5 27. Rxe5 Rxd1 28. Re8+ Kg7 29. Rxd1 c2 30. Rf1 c1=Q 31. Rxc1 Bxc1 32. Ra8 Nc5 33. Nc7 Na4 34. Rxa6 Nc3 35. Rc6 b4 36. Nd5 Nxa2 37. Nxb4 Nxb4 38. Rxc1 Nd3 39. Rc3 Ne5 40. f4 Ng4 41. h3 Nf6 42. Kg2 g5 43. fxg5 Ne4 44. Rc4 Nxg5 45. Rg4 Kf6 46. h4 Ne6 47. Rg8 Nd4 48. Kh3 Nf5 49. g4 Nd6 50. g5+ Kf5 51. Rg7 f6 52. gxf6 Kxf6 53. Rxh7 Kg6 54. Ra7 Ne4 55. Ra6+ Nf6 56. Kg3 Kh5 57. Re6 Ng4 58. Ra6 Nf6 59. Ra5+ Kh6 60. Kf4 Nh7 61. Kf5 Kg7 62. Ra7+ Kh6 63. Rf7 1-0

[Event "GER-ch 93rd"]
[Site "Magdeburg"]
[Date "2022.08.17"]
[Round "5"]
[White "Roseneck, Jonas"]
[Black "Langheinrich, Ferenc"]
[Result "1-0"]
[WhiteElo "2384"]
[BlackElo "2357"]
[EventDate "2022.08.14"]
[PlyCount "103"]

1. d4 Nf6 2. c4 g6 3. Nc3 Bg7 4. e4 d6 5. Be2 O-O 6. Bg5 c5 7. d5 e6 8. Qc1 exd5 9. exd5 Qb6 10. Nf3 Bf5 11. Nh4 Bc8 12. O-O Re8 13. Qc2 Nbd7 14. h3 Nf8 15. Rae1 Bd7 16. Bd3 a6 17. a4 Rxe1 18. Rxe1 Re8 19. Rf1 Bc8 20. Bd2 Qd8 21. Nf3 N8d7 22. g4 Nf8 23. Nh2 N6d7 24. f4 Qh4 25. Kg2 Qd8 26. Nf3 Nf6 27. Ne2 b5 28. b3 bxc4 29. bxc4 Bxg4 30. hxg4 Nxg4 31. Ng3 Nd7 32. Qc1 Qc7 33. Re1 Rb8 34. Bc3 Ndf6 35. Nh2 Nxh2 36. Kxh2 Qd8 37. Kg2 Rb3 38. Qc2 Rb8 39. a5 Qd7 40. f5 Ng4 41. Bxg7 Kxg7 42. Qc3+ f6 43. Re6 Qa4 44. fxg6 hxg6 45. Bc2 Qa2 46. Qd3 Kf8 47. Qxg6 Qxc4 48. Rxf6+ Nxf6 49. Qxf6+ Kg8 50. Qg6+ Kf8 51. Qxd6+ Kf7 52. Bg6+ 1-0

[Event "GER-ch 93rd"]
[Site "Magdeburg"]
[Date "2022.08.17"]
[Round "5"]
[White "Schulz, Lukas"]
[Black "Krastev, Alexander"]
[Result "0-1"]
[WhiteElo "2271"]
[BlackElo "2428"]
[EventDate "2022.08.14"]
[PlyCount "62"]

1. e4 c5 2. Be2 Nc6 3. f4 g6 4. Nf3 Bg7 5. O-O d6 6. Nc3 e6 7. d3 Nge7 8. Qe1 O-O 9. Qh4 Nd4 10. Nxd4 cxd4 11. Nd1 Bd7 12. Nf2 Rc8 13. Bd1 f5 14. Bd2 Bf6 15. Qh3 Qb6 16. Rb1 h5 17. g3 Bg7 18. Qg2 Rc5 19. b3 Rfc8 20. Rc1 R5c7 21. h3 fxe4 22. dxe4 d5 23. Kh2 dxe4 24. Nxe4 Bc6 25. Re1 Bd5 26. g4 hxg4 27. hxg4 g5 28. Qh3 Bxe4 29. Rxe4 gxf4 30. Bxf4 e5 31. Bg5 Qg6 0-1

[Event "GER-ch 93rd"]
[Site "Magdeburg"]
[Date "2022.08.17"]
[Round "5"]
[White "Vogel, Roven"]
[Black "Carlstedt, Jonathan"]
[Result "1-0"]
[WhiteElo "2459"]
[BlackElo "2439"]
[EventDate "2022.08.14"]
[PlyCount "83"]

1. Nf3 d5 2. d4 Nf6 3. c4 e6 4. Nc3 c5 5. e3 a6 6. cxd5 exd5 7. Ne5 Bd6 8. g3 O-O 9. Bg2 Be6 10. O-O Qc7 11. Nf3 Nc6 12. dxc5 Bxc5 13. b3 Rad8 14. Ne2 Bg4 15. Bb2 Ne4 16. Nf4 Ba7 17. h3 Be6 18. Nd4 Nxd4 19. Bxd4 Nc3 20. Qd3 Bxd4 21. exd4 Nb5 22. Rfe1 Qb6 23. Rad1 Rd6 24. Re5 Rfd8 25. Qe3 Nc7 26. Re1 h6 27. Bf1 Qa5 28. Bd3 Re8 29. Nh5 f6 30. b4 Qb6 31. Nxf6+ gxf6 32. Bh7+ Kf7 33. Qxh6 fxe5 34. dxe5 Bf5 35. Qf4 Kg7 36. Bxf5 Rh6 37. Qg5+ Rg6 38. Bxg6 Qxg6 39. Qd2 Rd8 40. e6 Kg8 41. Qf4 Ne8 42. Qf8+ 1-0